00961nam a2200253 a 450000100060000000300080000600500170001400800410003103500190007204000270009104100130011808200220013110000390015324500890019226000350028130000260031650001110034250000400045365000180049365000290051194200120054099900170055295201380056970193BD-RjUL20211209081955.0170416s1954 enk b 000 0 eng d a(BD-RjUL)70406 aWVUcWVUbengdBD-RjUL1 aenghfre 223a394bMAG 19541 aMauss, Marcel,d1872-1950.920787714aThe gift :bforms and functions of exchange in archaic societies /cby Marcel Mauss. aLondon :bCohen & West,c1954. axiv, 130 p. ;c23 cm. aTranslation of Essai sur le don [1925] as published in Sociologie et anthropologie (Paris : P.U.F., 1950). aIncludes bibliographical references 0aGifts9134269 0aSocial structure9143317 2ddccBK c70193d70193 00102ddc40718NFICaRUCLbRUCLcReadingd1965-09-27eZeitlingerg15.00l0o394 MAG 1954r2017-04-16 00:00:00tC-1w2021-12-09yBK